00750nam a2200169 a 450000100100000000500170001000800410002704000250006808200150009324500790010826000770018730000290026459000750029304900090036895201860037799900170056300003582020200930074634.0111115s1970 cl c 000 0 spa d aDO-SdBNPbspacBNPHU axxxxbB61500aBiografía de S. E. el presidente de la República Dr. Salvador Allende. a[Santiago, Chile :bPrograma del Gobierno de la Unidad Popular,c1970.]. a63 p. :bretr. ;c20 cm. aPerteneció a la biblioteca personal de Juan Isidro Jimenes Grullón aBNGR 001050718MOaGRbGRcCTd2011-11-15iLF1l0oxxxx B615p35820-10r2020-06-25w2020-06-25y1zPerteneció a la biblioteca personal de Juan Isidro Jimenes GrullónZNo se presta c35311d35311